000 00664nam a22001817a 4500
999 _c16518
_d16518
008 160520b xxu||||| |||| 00| 0 eng d
022 _a0091-4169
082 _22015
_aDPer 364.05
_bJ82
100 _aBaldwin, Julie Marie.
_944003
245 _aInvestigating the programmatic attack:
_ba national survey of veterans treatment courts/
_cJulie Marie Baldwin.
260 _aEvanston:
_bNorthwestern University Press,
_cc2015.
300 _av105 n3, pages 705-752:
_billustrations:
_c25 cm.
310 _aQuarterly
362 _a
500 _aThe Journal of Criminal Law and Criminology.
650 _aAdministration of criminal justice.
_944000
942 _2ddc
_cPER